000 00238nam a2200085Ia 4500
008 170620s9999 xx 000 0 und d
100 _aBegum- Sara
245 0 _aCognitive Development in Blind Children
260 _bNew Delhi- Discovery Publishing House
260 _c2007
999 _c24261
_d24261